World dialogue on alcohol and drug dependence.

Shranjeno v:
Bibliografske podrobnosti
Glavni avtor: Whitney, Elizabeth D. ed, (autor)
Format: Knjiga
Jezik:angleščina
Teme:
Oznake: Označite
Brez oznak, prvi označite!

MARC

LEADER 00000cam^a2200000uu^4500
001 000465120
005 20250521000000.0
008 050901s1970^^^^^^^^^^^^rd^r^^000^0^eng^d
009 20260310124351.528
022 |a 0807027766 
035 |a FCE 000007711 
035 |a FCE 030228 
037 |a Acervo ITESO - Biblioteca 
041 |a eng 
082 0 4 |a 362.292  |b WHIw 
100 |a Whitney, Elizabeth D.,  |e ed  |e (autor) 
245 1 0 |a World dialogue on alcohol and drug dependence. 
264 |a Boston :  |b Beacon,  |c 1970. 
300 |a 400 p. 
336 |a texto  |b txt  |2 rdacontenido 
337 |a sin mediación  |b n  |2 rdamedio 
338 |a volumen  |b nc  |2 rdasoporte 
649 |a XX 
650 |a Drogas 
650 |a Prevención de la enfermedad 
650 |a Alcoholismo 
650 |a Recomendaciones internacionales 
650 |a Delito 
650 |a Estados Unidos 
910 |a Fondo Centro de Estudios Educativos 
920 |a Impresos - Libros 
930 |a Fondos Especiales 
905 |a 133 
901 |a ALE030228  |b IT2  |c CEE  |u 20250521 
902 |a https://opac.biblio.iteso.mx/vufind/Record/000465120